[Event "IECG CP-2005-P-00109"]
[Site "IECG email"]
[Date "2005.10.01"]
[Round "?"]
[White "Benedict, Bregg"]
[Black "Fages, Jorge"]
[Result "0-1"]
[WhiteElo "800"]
[BlackElo "1895"]
[PlyCount "22"]
[EventDate "2005.??.??"]
[EventType "tourn (corr)"]
[EventRounds "6"]
[SourceTitle "Corr 2024"]
[Source "ChessBase"]
[SourceDate "2023.10.19"]
[SourceVersion "1"]
[SourceVersionDate "2023.10.19"]
[SourceQuality "1"]

1. e4 c5 2. Nf3 e6 3. d4 cxd4 4. Nxd4 Nf6 5. Nc3 d6 6. Be2 Be7 7. f3 Nc6 8. Be3 0-0 9. Qd2 d5 10. 0-0-0 dxe4 11. fxe4 e5 0-1

[Event "IECG CP-2005-P-00109"]
[Site "IECG email"]
[Date "2005.10.01"]
[Round "?"]
[White "Benedict, Bregg"]
[Black "Schiller, Wilfried"]
[Result "0-1"]
[WhiteElo "800"]
[BlackElo "2197"]
[PlyCount "26"]
[EventDate "2005.??.??"]
[EventType "tourn (corr)"]
[EventRounds "6"]
[SourceTitle "Corr 2024"]
[Source "ChessBase"]
[SourceDate "2023.10.19"]
[SourceVersion "1"]
[SourceVersionDate "2023.10.19"]
[SourceQuality "1"]

1. e4 c5 2. Nf3 d6 3. d4 cxd4 4. Nxd4 Nf6 5. Nc3 a6 6. Be3 e5 7. Nf3 Be7 8. Bc4 0-0 9. Qd3 Nc6 10. a3 Be6 11. Rd1 b5 12. Bd5 Qc8 13. 0-0 Bg4 0-1

[Event "IECG CP-2005-P-00109"]
[Site "IECG email"]
[Date "2005.10.01"]
[Round "?"]
[White "Dzulynski, Marek"]
[Black "Benedict, Bregg"]
[Result "1-0"]
[WhiteElo "1750"]
[BlackElo "800"]
[PlyCount "21"]
[EventDate "2005.??.??"]
[EventType "tourn (corr)"]
[EventRounds "6"]
[SourceTitle "Corr 2024"]
[Source "ChessBase"]
[SourceDate "2023.10.19"]
[SourceVersion "1"]
[SourceVersionDate "2023.10.19"]
[SourceQuality "1"]

1. d4 d5 2. c4 e6 3. Nc3 Nf6 4. Bg5 Bb4 5. e3 c5 6. dxc5 Qa5 7. Bxf6 gxf6 8. cxd5 Bxc3+ 9. bxc3 Qxc3+ 10. Ke2 Qxc5 11. Rc1 1-0